| 000 | 00544nam a2200157 i 4500 | ||
|---|---|---|---|
| 001 | 74782 | ||
| 003 | ES-MaACL | ||
| 005 | 20230906172237.0 | ||
| 007 | t| | ||
| 008 | 040921s1965 sp ||||1| spa d | ||
| 100 | 1 |
_aGracia Gimeno, Juan Antonio. _959469 |
|
| 245 | 1 | 4 |
_aLas oraciones sobre las ofrendas en el Sacramentario Leoniano / _cJuan Antonio Gracia Gimeno. |
| 260 |
_aMadrid : _bConsejo Superior de Investigaciones CientÃficas, Instituto Francisco Suarez, _c1965. |
||
| 300 |
_a158 p. ; _c25 cm. |
||
| 852 |
_aES-MaACL _jC-29559 _bR.59916 |
||
| 999 |
_c74782 _d74782 |
||